00981cam a22002531 4500001001300000003000400013005001700017008004100034010001700075035002000092040002100112042001200133050002200145051002600167100003000193245011300223260002500336300004900361410007800410500012000488650005800608650004400666999001700710gs 47000239 DLC20260227111352.0891018s1946 ag abf 000 0 spa  ags 47000239  a(OCoLC)20507607 aDLCcCUdCUdDLC apremarc00aQE231b.A3 no. 60 aTN806.A7bH4cCopy 2.1 aHeim, Arnold,d1882-1965.13aEl carbón de la mina "La Negra," Villa Unión, La Rioja y su posición tectónica,cpor Arnold Heim ... aBuenos Aires,c1946. a19 p.billus. (map, profiles) IV pl.c27 cm.10aArgentina.bDirección General de Minas y Geología.tBoletínvno. 60 aAt head of title: República argentina. Secretaría de industria y comercio. Dirección de minas, geología ... 0aCoal mines and miningzArgentinazLa Rioja (Province) 0aGeologyzArgentinazLa Rioja (Province) c28180d28180